Hacia un plan de acción en los pueblos: el compromiso de las ONG en Leipzig con la biodiversidad en la agricultura; documento final /

Gespeichert in:
Bibliographische Detailangaben
1. Verfasser: Wattel,Cor J
Weitere Verfasser: Sander, Arie
Format: Text
Schlagworte:
Tags: Tag hinzufügen
Keine Tags, Fügen Sie den ersten Tag hinzu!

MARC

LEADER 00000 a a2200000 04500
001 12558
003
040
100 |a Wattel,Cor J 
245 |a Hacia un plan de acción en los pueblos: el compromiso de las ONG en Leipzig con la biodiversidad en la agricultura; documento final /  |c Cor J Wattel 
650 |a ORGANIZACIONES NO GUBERNAMENTALES  
650 |a BIODIVERSIDAD  
650 |a AGRICULTURA  
650 |a SEGURIDAD ALIMENTARIA  
650 |a PROPIEDAD INTELECTUAL  
650 |a INGENIERIA AGRICOLA  
650 |a CONF  
700 |a Sander, Arie 
773 |g volumen 1, número 1; páginas 152-157  
999 |c 19666  |d 19666